00623 a2200193 4500003000500000005001700005020001800022040000900040082001000049100001700059245003700076250001400113260003500127300001100162500012700173942001200300999001900312952009800331Nust20170207164553.0 a0-486-64023-X cNust04a512.71 aCohn, Harvey00aAdvanced number theory. (E BOOK) aDover ed. aNew York :bDover Publ.,c1980 a276 s. aUnabridged and corrected republication of the work publ. in 1962 by Wiley under the title A second course in number theory 2ddccBK c209363d209363 00102ddc40708NFICaMCSbMCSd2016-12-12l0o512.7pMCSEB-1379r2016-12-08w2016-12-12yBK